| 000 | 00426nam a22001697a 4500 | ||
|---|---|---|---|
| 005 | 20230824113051.0 | ||
| 008 | 230824b |||||||| |||| 00| 0 eng d | ||
| 020 | _a9781844806997 | ||
| 082 |
_a006.564 _bDAL-S |
||
| 100 | _aDalcher,Darren | ||
| 245 | _aSuccessful IT Projects | ||
| 260 |
_aAustralia: _bThomson, _c2007 |
||
| 300 | _a345 pages | ||
| 500 | _aIndex Include. | ||
| 650 | _aInformation Technology | ||
| 999 |
_c33283 _d33283 |
||